| 000 | 00575nam a2200193Ia 4500 | ||
|---|---|---|---|
| 003 | IN-BaIIA | ||
| 008 | 211028s9999 xx 000 0 eng d | ||
| 020 | _a81-212-0458-5 | ||
| 040 | _cIIA Library | ||
| 080 |
_a5:061.22 _bPAL |
||
| 100 |
_aPal, Yash _919348 |
||
| 245 | 0 |
_aScience in society _bsome perspectives _cYash Pal |
|
| 260 |
_aNew Delhi _bGyan Publishing _c1993 |
||
| 300 | _axvii, 405p. | ||
| 650 | _aAstronomy and astrophysics thesaurus | ||
| 650 |
_aScience _91299 |
||
| 650 |
_aSociety _919003 |
||
| 942 | _cBK | ||
| 999 |
_c11284 _d11284 |
||